000 00526nam a2200157 i 4500
001 190130
003 ES-MaACL
005 20230906223641.0
008 200731s1845 sp |||| | spa d
080 _a342.951(460):353.2
245 0 0 _aLeyes de organización y atribuciones de los consejos provinciales y para el gobierno de las provincias.
260 _aMadrid :
_b[s.n.],
_c1845 (
_fImp. Nacional)
300 _a13 p. ;
_c21 cm.
650 4 _aAdministración provincial-
_zEspaña.
_9148419
852 4 _aES-MaACL
_jT-140-F-5
999 _c190130
_d190130